Manual de geografía universal y especial de América : (Registro nro. 7798)

Detalles MARC
000 -LIDER
fixed length control field 01312nam a2200337 a 4500
001 - NÚMERO DE CONTROL
Identificador de número de control 000038906
003 - IDENTIFICACDOR DE NÚMERO DE CONTROL
control field DO-SdBNP
005 - DATE AND TIME OF LATEST TRANSACTION
control field 20180326152749.0
007 - CAMPOS FIJOS DE DESCRIPCIÓN FÍSICA
fixed length control field 000038906
008 - ELEMENTOS DE LONGITUD FIJA
fixed length control field 130502s1978 dr ab 001 0 spa d
040 ## - FUENTE DE CATALOGACIÓN
Agencia que crea de manera original el registro BPMSU
Idioma de catalogación spa
Agencia que realiza la transcripción BPMSU
082 ## - NÚMERO DE CLASIFICACIÓN DECIMAL DE DEWEY
Classification number 372.89
Item number V768m, 1978
100 1# - ASIENTO PRINCIPAL -- NOMBRE PERSONAL
Nombre personal Vincent Cepeda, Rosa Amelia
245 10 - MENCIÓN DE TITULO
Título Manual de geografía universal y especial de América :
Subtítulo primer curso de educación media (7° curso) /
Mención de responsabilidad Rosa Amelia Vincent Cepeda.
260 0# - PUBLICACIÓN, DISTRIBUCIÓN, ETC. (PIE DE IMPRENTA)
Lugar de publicación, distribución, etc Santo Domingo :
Nombre del editor, distribuidor, etc. Amigo del Hogar,
Fecha de publicación, distribución, etc 1978
300 ## - DESCRIPCIÓN FÍSICA
Extensión 223 p. :
Otros detalles físicos il., mapas ;
Dimensiones 23 cm.
500 ## - NOTA GENERAL
Nota general En la portada: Desarrollo del programa oficial de la reforma.
504 ## - NOTA DE BIBLIOGRAFÍA, ETC.
Bibliography, etc Bibliografía: p.223.
505 0# - NOTA DE CONTENIDO
Título La tierra como parte del sistema solar --
-- Características físicas de la tierra --
-- El hombre de la tierra. ECUMENE --
-- América, un mundo de grandes contrastes.
Información miscelánea Bibliografía.
650 #4 - ENCABEZAMIENTO DE MATERIA--TEMÁTICO
Término temático o nombre geográfico como elemento de entrada GEOGRAFÍA
Subdivisión temática general ENSEÑANZA
650 #4 - ENCABEZAMIENTO DE MATERIA--TEMÁTICO
Término temático o nombre geográfico como elemento de entrada GEOGRAFÍA FÍSICA
Subdivisión temática general ENSEÑANZA
651 #4 - ENCABEZAMIENTO DE MATERIA--NOMBRE GEOGRÁFICO
Nombre geográfico AMÉRICA
Subdivisión temática general DESRIPCIONES Y VIAJES
910 ## - VALIDACIÓN
Validación Validado. Control de la calidad MFF
930 #1 - EQUIVALENCE OR CROSS-REFERENCE-UNIFORM TITLE HEADING [LOCAL, CANADA]
Language of a work
Medium of performance for music
Field link and sequence number
Date of a work
Name of part/section of a work
Miscellaneous information
Medium
942 ## - ADDED ENTRY ELEMENTS (KOHA)
Source of classification or shelving scheme Dewey Decimal Classification
Koha item type Libros
945 ## - INFORMACIÓN DE PROCESAMIENTO LOCAL
Información de procesamiento local Remanejado para la BNPHU / VM
956 ## - LOCAL ELECTRONIC LOCATION AND ACCESS (OCLC)
Nombre de host
Número de acceso
Información de compresión
Inicio de sesión
Procesador de solicitud
956 ## - LOCAL ELECTRONIC LOCATION AND ACCESS (OCLC)
Nombre de host
Número de acceso
Información de compresión
Inicio de sesión
Procesador de solicitud
956 ## - LOCAL ELECTRONIC LOCATION AND ACCESS (OCLC)
Nombre de host
Número de acceso
Información de compresión
Inicio de sesión
Procesador de solicitud
956 ## - LOCAL ELECTRONIC LOCATION AND ACCESS (OCLC)
Nombre de host VMATEO
Número de acceso 10
Información de compresión 20150505
Inicio de sesión BPMSU
Procesador de solicitud 00151
Existencias
Withdrawn status Lost status Source of classification or shelving scheme Damaged status Not for loan Collection code Home library Current library Date acquired Total Checkouts Full call number Barcode Date last seen Price effective from Koha item type
    Dewey Decimal Classification     Colección Dominicana Biblioteca Pública Metropolitana Salomé Ureña Biblioteca Pública Metropolitana Salomé Ureña 05/05/2015   372.89 V768m, 1978 BPMSU15051561 05/05/2015 05/05/2015 Libros